000 00474nam a2200169Ia 4500
008 240428s9999||||xx |||||||||||||| ||und||
020 _a3930863537
041 _aeng
082 _a328C
100 _aCullen S. Michael
245 4 _aThe Reichstag: German Parliament between Monarchy and Federalism.
260 _bbe.bra verlag GmbH
_c1999
300 _a78p: imgs;
650 _aParliament- Europe - Parliamentarianism in Europe and Germany
942 _cBK
999 _c180
_d180